Catálogo - Centro de Recursos para el Aprendizaje y la Investigación

Volver al Sitio - CRAI Biblioteca

La independencia del Poder Judicial de la Federación / (Registro nro. 113980)

Detalles MARC
000 -CABECERA
campo de control de longitud fija 01274nam a2200253 4500
001 - NÚMERO DE CONTROL
campo de control 113980
003 - IDENTIFICADOR DEL NÚMERO DE CONTROL
campo de control DR-UNIBE
005 - FECHA Y HORA DE LA ÚLTIMA TRANSACCIÓN
campo de control 20250730103556.0
008 - DATOS DE LONGITUD FIJA--INFORMACIÓN GENERAL
campo de control de longitud fija 250730b2006 mx ||||| |||| 00| 0 spa d
020 ## - NÚMERO INTERNACIONAL ESTÁNDAR DEL LIBRO
Número Internacional Estándar del Libro 9707125829
040 ## - FUENTE DE LA CATALOGACIÓN
Centro catalogador/agencia de origen BIBLIOTECA UNIBE
Lengua de catalogación spa
Centro/agencia transcriptor BIBLIOTECA UNIBE
Normas de descripción rda
041 ## - CÓDIGO DE LENGUA
Código de lengua del texto/banda sonora o título independiente spa
082 ## - NÚMERO DE LA CLASIFICACIÓN DECIMAL DEWEY
Número de edición 22
Número de clasificación 347.012 I218
245 13 - MENCIÓN DE TÍTULO
Título La independencia del Poder Judicial de la Federación /
250 ## - MENCIÓN DE EDICIÓN
Mención de edición Primera edición
260 ## - PUBLICACIÓN, DISTRIBUCIÓN, ETC.
Lugar de publicación, distribución, etc. México :
Nombre del editor, distribuidor, etc. Suprema Corte de Justicia de la Nación,
Fecha de publicación, distribución, etc. 2006
300 ## - DESCRIPCIÓN FÍSICA
Extensión 141 páginas :
Dimensiones 18 x 11 cm
490 ## - MENCIÓN DE SERIE
Mención de serie El Poder Judicial contemporáneo ;
Designación de volumen o secuencia 1
505 ## - NOTA DE CONTENIDO CON FORMATO
Nota de contenido con formato Presentación |<br/>I. El principio de división de poderes como garantía de la independencia judicial |<br/>II. La independencia judicial |<br/>III. La independencia de los Poderes Judiciales de los Estados |<br/>IV. Independencia económica de los tribunales del Poder Judicial de la Federación |<br/>V. Contribución de la Suprema Corte de Justicia al fortalecimiento de la independencia judicial |<br/>Bibliohemerografía |<br/>Normativa nacional a internacional
650 #7 - PUNTO DE ACCESO ADICIONAL DE MATERIA--TÉRMINO DE MATERIA
Fuente del encabezamiento o término lemb
Término de materia o nombre geográfico como elemento de entrada Jurisprudencia
Subdivisión general Tribunales
Subdivisión geográfica México
9 (RLIN) 198013
650 #7 - PUNTO DE ACCESO ADICIONAL DE MATERIA--TÉRMINO DE MATERIA
Fuente del encabezamiento o término lemb
Término de materia o nombre geográfico como elemento de entrada Poder judicial
Subdivisión geográfica México
9 (RLIN) 198014
700 10 - PUNTO DE ACCESO ADICIONAL--NOMBRE DE PERSONA
Nombre de persona Azuela Güitrón, Mariano
9 (RLIN) 198001
Término indicativo de función/relación presentador
942 ## - ELEMENTOS DE PUNTO DE ACCESO ADICIONAL (KOHA)
Fuente del sistema de clasificación o colocación Sistema de Clasificación Decimal Dewey
Tipo de ítem Koha Libro (general)
Existencias
Estado de retiro Estado de pérdida Fuente del sistema de clasificación o colocación No para préstamo Código de colección Localización permanente Fecha de adquisición Total de préstamos Signatura topográfica completa Código de barras Fecha visto por última vez Número de copia Precio válido a partir de Tipo de ítem Koha
  Disponible Sistema de Clasificación Decimal Dewey   General Biblioteca Central UNIBE 10/06/2025   347.012 I218 250925 30/07/2025 Ej. 1 30/07/2025 Libro (general)